[Event "XVII Festival A"]
[Site "Padova ITA"]
[Date "2014.12.20"]
[Round "8"]
[White "Rombaldoni, Axel"]
[Black "Bruno, Fabio"]
[WhiteElo "2505"]
[BlackElo "2437"]
[Result "1-0"]
[PlyCount "65"]
[EventDate "2014.12.14"]

1. d4 d5 2. c4 c6 3. Nf3 e6 4. g3 f5 5. Bg2 Nf6 6. O-O Bd6 7. b3 Qe7 8. Bb2 O-O
9. Ne5 Bd7 10. Nd2 Be8 11. Qc2 Nbd7 12. f3 Nxe5 13. dxe5 Bc5+ 14. Kh1 Nd7 15.
f4 Bh5 16. Nf3 Bxf3 17. Bxf3 Rac8 18. Rac1 Nb6 19. Rcd1 Rcd8 20. a4 a5 21. Bc3
Ra8 22. Be1 dxc4 23. bxc4 Rfd8 24. Rxd8+ Qxd8 25. e4 g6 26. exf5 gxf5 27. g4
fxg4 28. Bxg4 Qe7 29. Qg2 Kf8 30. f5 exf5 31. Bxf5 Ke8 32. Qg8+ Qf8 33. Qxh7
1-0

[Event "XVII Festival A"]
[Site "Padova ITA"]
[Date "2014.12.20"]
[Round "8"]
[White "Sumets, Andrey"]
[Black "Dvirnyy, Danyyil"]
[WhiteElo "2578"]
[BlackElo "2515"]
[Result "1/2-1/2"]
[PlyCount "52"]
[EventDate "2014.12.14"]

1. d4 Nf6 2. c4 g6 3. Nc3 d5 4. cxd5 Nxd5 5. Bd2 Bg7 6. e4 Nxc3 7. Bxc3 c5 8.
d5 Bxc3+ 9. bxc3 Qd6 10. Nf3 Bg4 11. e5 Bxf3 12. Qa4+ Qd7 13. Bb5 Nc6 14. dxc6
bxc6 15. Bf1 Rd8 16. Qc2 Be4 17. Qc1 O-O 18. Qe3 Qb7 19. f3 Bb1 20. Qc1 Bd3 21.
h4 Bxf1 22. Kxf1 Qa6+ 23. Kf2 Rd5 24. e6 f6 25. Re1 Rfd8 26. Qf4 Rd2+ 1/2-1/2

[Event "XVII Festival A"]
[Site "Padova ITA"]
[Date "2014.12.20"]
[Round "8"]
[White "Vezzosi, Paolo"]
[Black "Valsecchi, Alessio"]
[WhiteElo "2291"]
[BlackElo "2432"]
[Result "1-0"]
[PlyCount "151"]
[EventDate "2014.12.14"]

1. c4 e5 2. g3 Nc6 3. Bg2 h5 4. Nc3 h4 5. Nf3 h3 6. Bf1 d6 7. d4 exd4 8. Nxd4
g6 9. e4 Bg7 10. Be3 Nf6 11. Be2 O-O 12. f3 Re8 13. Qd2 Ne5 14. g4 Nexg4 15.
fxg4 Nxe4 16. Nxe4 Rxe4 17. O-O-O Qe8 18. Nc2 Qe5 19. Qc3 Qxc3 20. bxc3 Be6 21.
Bf3 Rxc4 22. Bd4 Bxd4 23. cxd4 Rc3 24. Rhf1 Kg7 25. g5 Bf5 26. Rd2 Re8 27. Kb2
Rc4 28. Bd5 Ra4 29. Bb3 Ra5 30. Rf3 Be6 31. d5 Bf5 32. Ne3 Bd7 33. Rd4 Re7 34.
Rdf4 Rc5 35. a4 a5 36. Nc2 b5 37. axb5 Rxb5 38. Ka3 Rc5 39. Nd4 a4 40. Ba2 Kg8
41. Nc6 Re2 42. Bc4 Re8 43. Ba2 Rc2 44. Rxf7 Bf5 45. Rxc7 Rce2 46. Nd4 Rxh2 47.
Nxf5 gxf5 48. Rcc3 Ree2 49. Bb1 Rh1 50. Rc8+ Kg7 51. Rc7+ Kg6 52. Bxf5+ Kxg5
53. Bxh3 Ra1+ 54. Kb4 Rb2+ 55. Ka5 Rb3 56. Rg7+ Kh6 57. Rgg3 Rxf3 58. Rxf3 a3
59. Be6 a2 60. Rf2 Kg5 61. Ka4 Rb1 62. Rxa2 Kf6 63. Ka5 Rb8 64. Rf2+ Ke5 65.
Ka6 Rb1 66. Rc2 Rb3 67. Rc6 Rb1 68. Rb6 Ra1+ 69. Kb7 Rc1 70. Rc6 Ra1 71. Rc2
Ra3 72. Re2+ Kd4 73. Kc7 Ra6 74. Re1 Kc5 75. Rc1+ Kd4 76. Rc6 1-0

[Event "XVII Festival A"]
[Site "Padova ITA"]
[Date "2014.12.20"]
[Round "8"]
[White "Vovk, Yuri"]
[Black "Gabuzyan, Hovhannes"]
[WhiteElo "2592"]
[BlackElo "2565"]
[Result "1/2-1/2"]
[PlyCount "77"]
[EventDate "2014.12.14"]

1. d4 Nf6 2. c4 g6 3. Nf3 Bg7 4. g3 c5 5. Bg2 Qa5+ 6. Nc3 Ne4 7. Qd3 cxd4 8.
Nxd4 Nc5 9. Qd1 Nc6 10. e3 Ne6 11. O-O Nexd4 12. exd4 Nxd4 13. Nd5 Nc6 14. Bf4
d6 15. c5 Be6 16. cxd6 exd6 17. b4 Qd8 18. Rc1 O-O 19. Bxd6 Bg4 20. Qxg4 Qxd6
21. Rfd1 Rad8 22. b5 Ne7 23. Ne3 Qe5 24. Qa4 Nf5 25. Nxf5 Qxf5 26. Bxb7 Bb2 27.
Be4 Qe5 28. Rb1 Bd4 29. Qc2 Rd6 30. Kg2 Rfd8 31. Bf3 Bb6 32. Rxd6 Qxd6 33. Re1
Qb4 34. Rb1 Rd2 35. Rxb4 Rxc2 36. Bd5 Rxf2+ 37. Kh1 Rd2 38. Bb3 Kg7 39. Re4
1/2-1/2

[Event "XVII Festival A"]
[Site "Padova ITA"]
[Date "2014.12.21"]
[Round "9"]
[White "Bonafede, Alessandro"]
[Black "Petkov, Vladimir"]
[WhiteElo "2339"]
[BlackElo "2527"]
[Result "0-1"]
[PlyCount "50"]
[EventDate "2014.12.14"]

1. e4 e5 2. f4 d5 3. exd5 exf4 4. Bc4 Bd6 5. Nc3 Ne7 6. d3 O-O 7. Nf3 Nd7 8.
O-O Nf6 9. Ng5 Bg4 10. Qe1 Ng6 11. Nge4 Be5 12. Kh1 Nh5 13. Ne2 f5 14. Nc5 Bxe2
15. Qxe2 Qh4 16. Rf3 Ng3+ 17. Rxg3 fxg3 18. h3 Bd6 19. Ne6 f4 20. Nxf8 Rxf8 21.
Qf3 Ne5 22. Qe4 Qh5 23. Bd2 f3 24. Rf1 fxg2+ 25. Qxg2 Rf2 0-1

[Event "XVII Festival A"]
[Site "Padova ITA"]
[Date "2014.12.21"]
[Round "9"]
[White "Boraso, Alessio"]
[Black "Delchev, Aleksander"]
[WhiteElo "2166"]
[BlackElo "2627"]
[Result "0-1"]
[PlyCount "51"]
[EventDate "2014.12.14"]

1. e4 c5 2. c3 d5 3. exd5 Qxd5 4. d4 Nc6 5. Nf3 Bf5 6. Be3 Nf6 7. Na3 e6 8. Bc4
Qe4 9. O-O cxd4 10. Ng5 Qh4 11. Qb3 Bxa3 12. cxd4 O-O 13. Nf3 Qh5 14. Qxa3 Be4
15. Be2 Rfd8 16. Rac1 Nd5 17. Rfe1 Qg6 18. Ng5 Bxg2 19. Bd3 f5 20. Kxg2 Nxe3+
21. Rxe3 Qxg5+ 22. Kh1 Nxd4 23. Rc7 f4 24. Rh3 h6 25. Qc3 Nb5 26. Rxh6 0-1

[Event "XVII Festival A"]
[Site "Padova ITA"]
[Date "2014.12.21"]
[Round "9"]
[White "Brunello, Marina"]
[Black "Codenotti, Marco"]
[WhiteElo "2254"]
[BlackElo "2345"]
[Result "1/2-1/2"]
[PlyCount "86"]
[EventDate "2014.12.14"]

1. e4 c5 2. Nf3 d6 3. Bb5+ Nc6 4. c3 Nf6 5. d4 cxd4 6. Nxd4 Bd7 7. Qe2 e5 8.
Nxc6 bxc6 9. Bd3 Be7 10. O-O O-O 11. c4 Bg4 12. Qc2 Rc8 13. Be3 a5 14. Qa4 d5
15. cxd5 cxd5 16. exd5 Qxd5 17. Bb5 e4 18. Nc3 Qf5 19. Ne2 Bd6 20. Ng3 Bxg3 21.
hxg3 Rb8 22. Bc4 Qh5 23. Qa3 Bf5 24. g4 Bxg4 25. Rfc1 Rbc8 26. Ba6 Ra8 27. Rc5
Bf5 28. Qxa5 g6 29. Qb5 Rab8 30. Bb7 Rfd8 31. Rf1 Rd1 32. Rc1 Rxc1 33. Rxc1 Rd8
34. Ba6 Ng4 35. Bf4 Nxf2 36. Kxf2 Qh4+ 37. g3 Qh2+ 38. Ke1 Bh3 39. Qb6 Qh1+ 40.
Kf2 Qf3+ 41. Ke1 Qh1+ 42. Kf2 Qf3+ 43. Ke1 Qh1+ 1/2-1/2

[Event "XVII Festival A"]
[Site "Padova ITA"]
[Date "2014.12.21"]
[Round "9"]
[White "Bruno, Fabio"]
[Black "Brezovar, Matjaz"]
[WhiteElo "2437"]
[BlackElo "2264"]
[Result "1/2-1/2"]
[PlyCount "79"]
[EventDate "2014.12.14"]

1. Nf3 e6 2. d4 f5 3. c4 Nf6 4. Nc3 Bb4 5. Qb3 c5 6. g3 Ne4 7. Be3 Nc6 8. dxc5
Qa5 9. Rc1 Nxc3 10. bxc3 Bxc5 11. Bd2 Qd8 12. Bg2 O-O 13. Rb1 b6 14. Nd4 Bb7
15. Nxc6 Bxc6 16. Bxc6 dxc6 17. Rd1 Qe7 18. O-O e5 19. Kg2 g5 20. Be3 Rad8 21.
Rxd8 Rxd8 22. Bxc5 Qxc5 23. Rd1 Rxd1 24. Qxd1 Qe7 25. Qd3 e4 26. Qd4 h6 27. h3
Kh7 28. e3 Kg8 29. Kf1 c5 30. Qd5+ Qf7 31. Qa8+ Kg7 32. Kg1 Qd7 33. Kg2 h5 34.
Qb8 Qe7 35. Qc8 Qf7 36. Qd8 Qf6 37. Qc7+ Qf7 38. Qd8 Qf6 39. Qc7+ Qf7 40. Qd8
1/2-1/2

[Event "XVII Festival A"]
[Site "Padova ITA"]
[Date "2014.12.21"]
[Round "9"]
[White "Drazic, Sinisa"]
[Black "Sumets, Andrey"]
[WhiteElo "2438"]
[BlackElo "2578"]
[Result "1/2-1/2"]
[PlyCount "22"]
[EventDate "2014.12.14"]

1. e4 e6 2. d4 d5 3. exd5 exd5 4. Bd3 Bd6 5. Nf3 Ne7 6. O-O O-O 7. Re1 Nbc6 8.
c3 Bf5 9. Bg5 Bxd3 10. Qxd3 h6 11. Bh4 Qd7 1/2-1/2

[Event "XVII Festival A"]
[Site "Padova ITA"]
[Date "2014.12.21"]
[Round "9"]
[White "Dvirnyy, Danyyil"]
[Black "Naumkin, Igor"]
[WhiteElo "2515"]
[BlackElo "2436"]
[Result "1-0"]
[PlyCount "87"]
[EventDate "2014.12.14"]

1. e4 e5 2. Nf3 Nc6 3. Nc3 Nf6 4. d4 exd4 5. Nxd4 Bb4 6. Nxc6 bxc6 7. Bd3 d5 8.
exd5 cxd5 9. O-O O-O 10. h3 h6 11. Qf3 c6 12. Bf4 Bd6 13. Rfe1 Rb8 14. b3 Rb4
15. Ne2 Bxf4 16. Nxf4 a5 17. c3 Rb8 18. c4 a4 19. cxd5 cxd5 20. bxa4 Bb7 21.
Rab1 Bc6 22. Bb5 Ba8 23. Rbd1 Rb6 24. Rd4 Rd6 25. Qa3 Qb6 26. Qb4 Rfd8 27. a5
Qc7 28. a4 Ne4 29. Nd3 Rg6 30. Rc1 Qb8 31. Bd7 Qa7 32. Bf5 Rb8 33. Bxg6 fxg6
34. Rxe4 dxe4 35. Qc5 Qb7 36. Nf4 g5 37. Qc4+ Kh7 38. a6 Qb2 39. Nh5 Rb4 40.
Qc8 Bd5 41. Qf5+ Kh8 42. Rc8+ Bg8 43. Qf7 Qc1+ 44. Kh2 1-0

[Event "XVII Festival A"]
[Site "Padova ITA"]
[Date "2014.12.21"]
[Round "9"]
[White "Gabuzyan, Hovhannes"]
[Black "Georgiev, Kiril D."]
[WhiteElo "2565"]
[BlackElo "2628"]
[Result "1/2-1/2"]
[PlyCount "120"]
[EventDate "2014.12.14"]

1. g3 Nf6 2. Bg2 d5 3. Nf3 c6 4. O-O Bg4 5. d4 e6 6. Nbd2 Be7 7. Re1 O-O 8. e4
Bh5 9. c3 Nbd7 10. e5 Ne8 11. Nb3 Nc7 12. Bf4 a5 13. Nc1 b6 14. h4 c5 15. Ne2
b5 16. dxc5 Nxc5 17. Be3 Nd7 18. Bd4 b4 19. Nf4 Bg4 20. Qe2 Rc8 21. Qe3 bxc3
22. bxc3 Nb5 23. a4 Na3 24. Qc1 Bxf3 25. Bxf3 Nc4 26. Qd1 Bc5 27. Rb1 Re8 28.
Be2 Ndxe5 29. Bxe5 Nxe5 30. Ba6 Ra8 31. Bb5 Nd7 32. Nxd5 Ra7 33. Nf4 Rf8 34.
Qh5 Bd6 35. Nd3 Rc7 36. c4 Qf6 37. Rbd1 Nc5 38. Ne5 Bxe5 39. Qxe5 Rfc8 40. Qd6
h6 41. Rd4 Nb3 42. Rf4 Qd8 43. Qe5 Rc5 44. Qb2 Qd2 45. Rb1 e5 46. Re4 Nd4 47.
Ba6 Re8 48. Kg2 Qxb2 49. Rxb2 g5 50. hxg5 hxg5 51. f4 f5 52. Rxe5 Rexe5 53.
fxe5 Kf7 54. Rd2 Nc6 55. Rd7+ Ke6 56. Rc7 Kxe5 57. Bb5 Kd6 58. Rg7 Ne5 59. Rxg5
Nxc4 60. Rg6+ Ke5 1/2-1/2

[Event "XVII Festival A"]
[Site "Padova ITA"]
[Date "2014.12.21"]
[Round "9"]
[White "Godena, Michele"]
[Black "Vezzosi, Paolo"]
[WhiteElo "2495"]
[BlackElo "2291"]
[Result "1-0"]
[PlyCount "97"]
[EventDate "2014.12.14"]

1. e4 e5 2. Nf3 Nc6 3. d4 exd4 4. Nxd4 Nf6 5. Nc3 Bb4 6. Nxc6 bxc6 7. Bd3 O-O
8. O-O d5 9. exd5 cxd5 10. h3 Be6 11. Qf3 c6 12. Ne2 Bd6 13. Bf4 Bxf4 14. Nxf4
Re8 15. Rfe1 Qb6 16. b3 Re7 17. Re2 Rae8 18. Rae1 Qb4 19. c3 Qd6 20. Qg3 Qd8
21. b4 a5 22. bxa5 Qxa5 23. Bf5 Qc7 24. Nxe6 Qxg3 25. fxg3 fxe6 26. Rxe6 Kf7
27. Rxe7+ Rxe7 28. Rxe7+ Kxe7 29. Kf2 Kd6 30. Ke3 Ke5 31. Bc2 c5 32. h4 h6 33.
Bg6 Nd7 34. a4 Nb6 35. Be8 Nc4+ 36. Kd3 Kd6 37. Bb5 Na5 38. Ke3 Ke5 39. Kf3 Nb3
40. Kg4 Na5 41. Kh5 Kf6 42. g4 d4 43. cxd4 cxd4 44. g5+ hxg5 45. hxg5+ Kf5 46.
Bd3+ Kf4 47. Kg6 Nc6 48. g3+ Ke3 49. Bb1 1-0

[Event "XVII Festival A"]
[Site "Padova ITA"]
[Date "2014.12.21"]
[Round "9"]
[White "Laketic, Gojko"]
[Black "Rombaldoni, Axel"]
[WhiteElo "2389"]
[BlackElo "2505"]
[Result "1-0"]
[PlyCount "141"]
[EventDate "2014.12.14"]

1. Nf3 e6 2. g3 b6 3. Bg2 Bb7 4. O-O Nf6 5. d3 c5 6. e4 d6 7. Re1 Nbd7 8. c4
Be7 9. Nc3 O-O 10. d4 cxd4 11. Nxd4 Qb8 12. b3 a6 13. Bb2 Re8 14. Qd2 Qa7 15.
Re2 Rac8 16. Rae1 Bf8 17. Rd1 Red8 18. Ba1 Qa8 19. Qe1 Nc5 20. Bb2 e5 21. Nc2
b5 22. cxb5 axb5 23. Nb4 Qa5 24. Ncd5 Nfd7 25. Bc3 Qa7 26. Bd2 Ne6 27. Be3 Qa5
28. h4 Re8 29. Qd2 Ndc5 30. Ree1 Ra8 31. Kh2 Rec8 32. Re2 Qd8 33. Qe1 g6 34.
Qh1 Bg7 35. Bh3 Ra5 36. Nd3 Nd7 37. Qe1 Rca8 38. N3b4 Ndc5 39. Bxe6 fxe6 40.
Bg5 Qf8 41. Ne7+ Kh8 42. Rxd6 Qe8 43. Red2 Nxe4 44. Rd8 Rxd8 45. Rxd8 Qxd8 46.
Nxg6+ hxg6 47. Bxd8 Ra8 48. Bb6 Rc8 49. Qd1 Nf6 50. Nd3 Nd5 51. Nc5 Bc6 52. Ba5
Re8 53. Qg4 Nf6 54. Qe2 e4 55. Bc3 e5 56. g4 Bf8 57. g5 Nd5 58. Nxe4 Nxc3 59.
Nxc3 e4 60. Nd1 e3 61. Nxe3 Re4 62. Qd2 Bg7 63. Qd8+ Re8 64. Qb6 Be5+ 65. Kh3
Rc8 66. Ng4 Bg7 67. Nf6 Ba8 68. Qxb5 Rd8 69. a4 Bf8 70. a5 Rc8 71. Qd7 1-0

[Event "XVII Festival A"]
[Site "Padova ITA"]
[Date "2014.12.21"]
[Round "9"]
[White "Lazic, Miroljub"]
[Black "Massironi, Marco"]
[WhiteElo "2459"]
[BlackElo "2236"]
[Result "1-0"]
[PlyCount "61"]
[EventDate "2014.12.14"]

1. g3 Nf6 2. Bg2 d5 3. Nf3 g6 4. O-O Bg7 5. d3 O-O 6. Nbd2 c5 7. e4 Nc6 8. Re1
e5 9. exd5 Nxd5 10. Nc4 Re8 11. Ng5 Nb6 12. Ne4 Nxc4 13. dxc4 Qxd1 14. Rxd1 Nd4
15. c3 Bg4 16. cxd4 Bxd1 17. dxc5 Be2 18. Nd6 e4 19. Nxe8 Rxe8 20. Bf1 Bf3 21.
Be3 f5 22. Rb1 a5 23. b3 Rd8 24. a3 Bd1 25. b4 a4 26. Bg5 Rd7 27. b5 Bb3 28.
Bf4 Bd4 29. c6 bxc6 30. bxc6 Rd8 31. c7 1-0

[Event "XVII Festival A"]
[Site "Padova ITA"]
[Date "2014.12.21"]
[Round "9"]
[White "Moroni, Luca jr"]
[Black "Lajthajm, Borko"]
[WhiteElo "2321"]
[BlackElo "2462"]
[Result "1-0"]
[PlyCount "101"]
[EventDate "2014.12.14"]

1. c4 c6 2. Nf3 Nf6 3. Nc3 d6 4. g3 e5 5. Bg2 Be6 6. d3 h6 7. O-O Nbd7 8. e4
Be7 9. Qe2 O-O 10. h3 Nb6 11. b3 Nh7 12. d4 Qc8 13. Kh2 Ng5 14. Nxg5 hxg5 15.
d5 Bd7 16. Be3 g6 17. a4 Qd8 18. b4 a5 19. dxc6 bxc6 20. c5 dxc5 21. bxc5 Nc8
22. Rfd1 Qc7 23. Qd2 Be6 24. Rab1 Rd8 25. Qc2 Rxd1 26. Rxd1 Rb8 27. Qd2 Bb3 28.
Rb1 Qa7 29. Bxg5 Qxc5 30. Be3 Qd6 31. Qe2 Rb4 32. Qa6 Qc7 33. Bf1 Kg7 34. h4
Bc2 35. Rc1 Bb3 36. Nb5 Qd7 37. Rxc6 Bxa4 38. Rxc8 Bxb5 39. Bxb5 Rxb5 40. Qa8
Qb7 41. Rg8+ Kf6 42. Qe8 Rb2 43. g4 a4 44. h5 Ke6 45. hxg6 Kd6 46. gxf7 Qxe4
47. Bc5+ Kxc5 48. Qxe7+ Kc4 49. f8=Q Rb1 50. Qc5+ Kd3 51. Qe3+ 1-0

[Event "XVII Festival A"]
[Site "Padova ITA"]
[Date "2014.12.21"]
[Round "9"]
[White "Palac, Mladen"]
[Black "Vovk, Yuri"]
[WhiteElo "2584"]
[BlackElo "2592"]
[Result "0-1"]
[PlyCount "170"]
[EventDate "2014.12.14"]

1. e4 c5 2. Nf3 e6 3. d4 cxd4 4. Nxd4 a6 5. c4 Nf6 6. Nc3 Bb4 7. Qd3 d6 8. Nc2
Bc5 9. b4 Ba7 10. Be2 Nc6 11. Be3 Bxe3 12. Qxe3 O-O 13. O-O b6 14. Rfd1 Qc7 15.
Rd2 Ne5 16. Qd4 Rd8 17. f4 Nc6 18. Qe3 Bb7 19. Rad1 h6 20. b5 Na5 21. Na3 Rac8
22. bxa6 Bxa6 23. Ncb5 Bxb5 24. Nxb5 Nxc4 25. Bxc4 Qxc4 26. Nxd6 Qa4 27. Rd4
Rc4 28. e5 Ng4 29. Qd2 Rxd4 30. Qxd4 Qc2 31. Rd2 Qc1+ 32. Rd1 Qa3 33. Qxb6 Ra8
34. h3 Ne3 35. Re1 Nd5 36. Qb7 Kh7 37. Qb1+ g6 38. Kh2 Qxa2 39. Nxf7 Nxf4 40.
Qe4 Ra4 41. Qf3 g5 42. Rc1 Ra7 43. Qe4+ Kg7 44. Nd6 Qd5 45. Qxd5 Nxd5 46. Nb5
Ra2 47. Nd4 Nf4 48. Rc2 Ra4 49. Rd2 Kf7 50. g3 Nd5 51. Nf3 Re4 52. Kg2 Kg6 53.
Nd4 Rxe5 54. Nxe6 Ne3+ 55. Kf3 Nf1 56. Re2 Rxe2 57. Kxe2 Nxg3+ 58. Ke3 h5 59.
Kf2 Ne4+ 60. Kg2 h4 61. Nc7 Kf5 62. Kf3 Nc5 63. Nd5 Ke5 64. Kg2 Ke4 65. Nf6+
Ke5 66. Ng4+ Kf4 67. Nf2 Ne6 68. Ng4 Ke4 69. Nf6+ Kf5 70. Ng4 Nf4+ 71. Kh2 Ke4
72. Nf6+ Kf3 73. Nh7 Ne6 74. Nf6 Nc5 75. Ng4 Nd3 76. Nf6 Nf2 77. Nd7 Nd3 78.
Nf6 Nc5 79. Nh7 Ne4 80. Nf8 Kf2 81. Ne6 Kf3 82. Nd4+ Ke3 83. Ne6 Kf2 84. Nd4
Nd2 85. Nf5 Nf1+ 0-1

[Event "XVII Weekend A"]
[Site "Porto Sant'Elpidio ITA"]
[Date "2014.11.22"]
[Round "1"]
[White "Bakiji, Sefer"]
[Black "Rinaudo, Sergio"]
[WhiteElo "1710"]
[BlackElo "2074"]
[Result "0-1"]
[PlyCount "136"]
[EventDate "2014.11.22"]

1. e4 e5 2. Bc4 Nf6 3. Nc3 Nc6 4. d3 Na5 5. Bb3 Nxb3 6. axb3 d5 7. exd5 Nxd5 8.
Nxd5 Qxd5 9. f3 Bc5 10. Qe2 O-O 11. Be3 Bb4+ 12. Bd2 Bc5 13. Be3 Bd6 14. Qd2 f5
15. Ne2 b6 16. O-O c5 17. Nc3 Qc6 18. Bf2 Bb7 19. Bg3 Rf6 20. Rae1 Rg6 21. Bxe5
Be7 22. Bf4 Bf6 23. Nd1 Bd4+ 24. Kh1 Rd8 25. Be5 Qd5 26. Bxd4 cxd4 27. Re2 Rh6
28. Qf4 Rc6 29. h3 Rdc8 30. Rff2 h6 31. h4 Re6 32. Rxe6 Qxe6 33. Qd2 Re8 34.
Kh2 Qe5+ 35. Kh3 f4 36. c3 Qf5+ 37. Kh2 Re3 38. cxd4 Rxd3 39. Qc2 Bc8 40. Rd2
Rxd2 41. Qxd2 Be6 42. b4 Qf6 43. Qf2 Qf5 44. Nc3 Kf7 45. Qe2 Qf6 46. Qf2 Kg6
47. Qe1 Kh5 48. d5 Bd7 49. Kg1 Qxh4 50. Qxh4+ Kxh4 51. Kf2 Kg5 52. Ke2 Kf5 53.
Kd3 Ke5 54. Kc4 Be8 55. b5 Bf7 56. b3 g5 57. b4 h5 58. Ne2 Bxd5+ 59. Kd3 g4 60.
Ng1 Be6 61. Kc3 Bd7 62. Kc4 Kf5 63. Ne2 gxf3 64. Nd4+ Kg4 65. Nxf3 Kg3 66. Ne1
h4 67. Kd5 Bxb5 68. Kd6 Kf2 0-1

[Event "XVII Weekend A"]
[Site "Porto Sant'Elpidio ITA"]
[Date "2014.11.22"]
[Round "1"]
[White "De Viti, Dario"]
[Black "Ricci, Alessio"]
[WhiteElo "1348"]
[BlackElo "1893"]
[Result "0-1"]
[PlyCount "54"]
[EventDate "2014.11.22"]

1. e4 Nf6 2. e5 Nd5 3. d4 d6 4. Bc4 dxe5 5. dxe5 Be6 6. Bxd5 Bxd5 7. Nf3 g6 8.
Nc3 Bxf3 9. Qxf3 Nc6 10. Qe4 Bg7 11. Bf4 Qd4 12. Qxd4 Nxd4 13. O-O-O O-O-O 14.
Rd2 Ne6 15. Rxd8+ Rxd8 16. Bg3 Bh6+ 17. Kb1 Rd2 18. Re1 Nd4 19. Rc1 e6 20. a3
a6 21. b4 Nf5 22. Rf1 Nd4 23. Rc1 b6 24. Kb2 Kb7 25. Nb1 Re2 26. f4 Rxg2 27.
Nc3 g5 0-1

[Event "XVII Weekend A"]
[Site "Porto Sant'Elpidio ITA"]
[Date "2014.11.22"]
[Round "1"]
[White "Di Donatantonio, Franco"]
[Black "Doric, Senad"]
[WhiteElo "2115"]
[BlackElo "1794"]
[Result "1-0"]
[PlyCount "81"]
[EventDate "2014.11.22"]

1. d3 d5 2. Nd2 Nf6 3. e4 e5 4. Ngf3 Nc6 5. Be2 dxe4 6. dxe4 Bc5 7. O-O O-O 8.
c3 a6 9. Qc2 Bg4 10. Nc4 Re8 11. Be3 Qe7 12. b4 Bxe3 13. Nxe3 Bxf3 14. Bxf3 g6
15. Rfe1 Qe6 16. Nd5 Rac8 17. Rad1 Ne7 18. Qe2 Nexd5 19. exd5 Qd6 20. a3 e4 21.
Bg4 Rcd8 22. c4 Qe5 23. Bh3 Qc3 24. Ra1 h5 25. g3 h4 26. Bg2 hxg3 27. hxg3 Kg7
28. Rec1 Qe5 29. Ra2 Qg5 30. Qe1 Qh5 31. Qc3 Qg4 32. Re1 Rd6 33. Rae2 Kg8 34.
Qa1 Qg5 35. Bxe4 Nxe4 36. Rxe4 Rxe4 37. Rxe4 Rd8 38. Rh4 f6 39. Qe1 Rf8 40.
Qe6+ Rf7 41. Qh3 1-0

[Event "XVII Weekend A"]
[Site "Porto Sant'Elpidio ITA"]
[Date "2014.11.22"]
[Round "1"]
[White "Ferri, Stefano"]
[Black "Medorini, Massimiliano"]
[WhiteElo "2190"]
[BlackElo "1890"]
[Result "1/2-1/2"]
[PlyCount "52"]
[EventDate "2014.11.22"]

1. e4 e5 2. f4 exf4 3. Bc4 Nf6 4. Nc3 Bb4 5. Qf3 Nc6 6. Qxf4 Bxc3 7. bxc3 Qe7
8. Qxc7 Nxe4 9. Ne2 O-O 10. Qf4 b6 11. a4 Re8 12. Ba3 Qf6 13. O-O Qxf4 14. Rxf4
Nf6 15. d4 Bb7 16. Ng3 Re3 17. Nf5 Rxc3 18. Nd6 Nd8 19. Bb3 Bc6 20. g4 Ne6 21.
Rf2 Nxg4 22. Rxf7 Nxd4 23. Ne8 h5 24. Rxg7+ Kh8 25. Rg8+ Kh7 26. Rg7+ Kh8
1/2-1/2

[Event "XVII Weekend A"]
[Site "Porto Sant'Elpidio ITA"]
[Date "2014.11.22"]
[Round "1"]
[White "Foglia, Maurizio"]
[Black "Pizzicotti, Virginia"]
[WhiteElo "2071"]
[BlackElo "1700"]
[Result "1-0"]
[PlyCount "59"]
[EventDate "2014.11.22"]

1. d4 d5 2. Nf3 Nc6 3. c4 Bg4 4. cxd5 Bxf3 5. gxf3 Qxd5 6. e3 e6 7. Nc3 Bb4 8.
Bd2 Bxc3 9. bxc3 Qd6 10. Rb1 Rb8 11. Be2 Nge7 12. O-O O-O 13. Kh1 Ng6 14. Rg1
Nce7 15. Rb5 Rfd8 16. Qb3 Qc6 17. Rc5 Qd7 18. Qc4 c6 19. Rcg5 e5 20. Bc1 exd4
21. cxd4 Nd5 22. Qb3 Kh8 23. Bd3 Qe6 24. e4 Nc7 25. Bc4 Qf6 26. e5 Qe7 27. Bxf7
Rxd4 28. Rxg6 hxg6 29. f4 Qh4 30. Rg3 1-0

[Event "XVII Weekend A"]
[Site "Porto Sant'Elpidio ITA"]
[Date "2014.11.22"]
[Round "1"]
[White "Padovani, Alessio"]
[Black "Beccarini, Giacomo"]
[WhiteElo "1895"]
[BlackElo "1516"]
[Result "1-0"]
[PlyCount "77"]
[EventDate "2014.11.22"]

1. e4 e5 2. f4 exf4 3. Nf3 g5 4. Bc4 Bg7 5. d4 d6 6. h4 gxh4 7. Bxf4 h6 8. Nc3
Nc6 9. Qd2 Bg4 10. Be3 h3 11. Qf2 Qd7 12. O-O-O hxg2 13. Qxg2 h5 14. d5 Ne5 15.
Nxe5 Bxe5 16. Rd3 Ne7 17. Bb5 c6 18. dxc6 bxc6 19. Ba4 h4 20. Bg5 h3 21. Qf2
Rh5 22. Bf6 Bxf6 23. Qxf6 Qe6 24. Qd4 h2 25. Qb4 Qh6+ 26. Kb1 Qf4 27. Qb7 Rc8
28. a3 Bf3 29. Rxh2 Rxh2 30. Nd5 Rh1+ 31. Ka2 Nxd5 32. Qxc8+ Ke7 33. exd5 Bxd5+
34. Bb3 Bxb3+ 35. Kxb3 c5 36. Qb7+ Kf8 37. Rf3 c4+ 38. Ka2 Ra1+ 39. Kxa1 1-0

[Event "XVII Weekend A"]
[Site "Porto Sant'Elpidio ITA"]
[Date "2014.11.22"]
[Round "1"]
[White "Renzetti, Leonardo"]
[Black "Marchetti, Michael"]
[WhiteElo "2024"]
[BlackElo "1653"]
[Result "1-0"]
[PlyCount "215"]
[EventDate "2014.11.22"]

1. d4 Nf6 2. Nf3 d5 3. c4 e6 4. Nc3 c6 5. e3 Nbd7 6. Bd3 Be7 7. O-O O-O 8. Re1
Qc7 9. e4 dxe4 10. Nxe4 Re8 11. Ne5 c5 12. Bf4 cxd4 13. Ng5 Nxe5 14. Bxe5 Qc5
15. h4 h6 16. Nf3 Bd7 17. a3 Rad8 18. b4 Qc8 19. Nxd4 Bc6 20. Bc2 Nd7 21. Qd3
Nf8 22. b5 Bd7 23. h5 f6 24. Bf4 e5 25. Bxh6 exd4 26. Qg3 Bg4 27. f3 gxh6 28.
fxg4 Bc5 29. Bf5 d3+ 30. Kh1 Qb8 31. Qf3 d2 32. Red1 Qd6 33. Be4 Re7 34. Bd5+
Kg7 35. Rxd2 Rde8 36. Rf1 Re1 37. Rd1 Rxd1 38. Rxd1 Qe5 39. Rf1 Bd6 40. g3 Nh7
41. Kg2 Ng5 42. Qf2 Qe2 43. Bxb7 Qxf2+ 44. Rxf2 Re3 45. Rd2 Rxg3+ 46. Kf2 Nh3+
47. Ke2 Bc5 48. Rd7+ Kf8 49. Bd5 Nf4+ 50. Ke1 Re3+ 51. Kf1 Nxd5 52. Rxd5 Rf3+
53. Kg2 Rf2+ 54. Kg3 Ra2 55. Rxc5 Rxa3+ 56. Kf4 Ke7 57. Rf5 Ra4 58. Rc5 Ke6 59.
Rc6+ Ke7 60. Kf5 Ra1 61. Kg6 Rg1 62. Kxh6 Rxg4 63. Kh7 f5 64. h6 Kf7 65. Rc7+
Kf6 66. c5 f4 67. Rg7 Rh4 68. c6 f3 69. Rg3 Rf4 70. Rg8 f2 71. Rf8+ Ke5 72.
Re8+ Kd6 73. Rd8+ Kc7 74. Rd7+ Kb6 75. c7 f1=Q 76. c8=Q Qb1+ 77. Kg8 Qa2+ 78.
Kg7 Rg4+ 79. Kh8 Qb2+ 80. Rg7 Rxg7 81. Qc6+ Ka5 82. hxg7 Qh2+ 83. Kg8 Qa2+ 84.
Kf8 Qf2+ 85. Ke7 Qh4+ 86. Qf6 Qe4+ 87. Kf7 Qd5+ 88. Kg6 Qe4+ 89. Qf5 Qg2+ 90.
Kh6 Qh2+ 91. Qh5 Qd6+ 92. Kh7 Qd3+ 93. Kh8 Qd4 94. Kh7 Qe4+ 95. Kh6 Qf4+ 96.
Qg5 Qh2+ 97. Kg6 Qd6+ 98. Kf7 Qd7+ 99. Qe7 Qf5+ 100. Ke8 Qg6+ 101. Kd8 Qd3+
102. Kc8 Qf5+ 103. Qd7 Qg6 104. Qd8+ Kxb5 105. g8=Q Qa6+ 106. Kb8 Qb6+ 107.
Qxb6+ axb6 108. Qb3+ 1-0

[Event "XVII Weekend A"]
[Site "Porto Sant'Elpidio ITA"]
[Date "2014.11.22"]
[Round "1"]
[White "Santinelli, Michele"]
[Black "Viviani, Alessio"]
[WhiteElo "1837"]
[BlackElo "2132"]
[Result "0-1"]
[PlyCount "82"]
[EventDate "2014.11.22"]

1. d4 Nf6 2. Nf3 e6 3. Bg5 c5 4. e3 b6 5. Bd3 cxd4 6. exd4 Bb7 7. Nbd2 Be7 8.
O-O O-O 9. h3 Re8 10. c3 d6 11. Qc2 Nbd7 12. Rfe1 a6 13. Rad1 b5 14. a4 bxa4
15. Qxa4 Qc7 16. Bf4 Bf8 17. Qc2 h6 18. c4 Bc6 19. Bg3 Qb7 20. b3 a5 21. Ne4
Nxe4 22. Bxe4 Bxe4 23. Rxe4 Rec8 24. Re3 a4 25. bxa4 Qb4 26. Nd2 Rxa4 27. Rb1
Qa5 28. Reb3 d5 29. Rb5 Qa6 30. Rb7 Qc6 31. R1b5 Ra1+ 32. Kh2 dxc4 33. Qxc4
Qxc4 34. Nxc4 Nf6 35. Rc7 Rxc7 36. Bxc7 Rc1 37. Rb8 Rxc4 38. Bd6 Nh7 39. Bc5 g6
40. f4 Kg7 41. Ba7 Bd6 0-1

[Event "XVII Weekend A"]
[Site "Porto Sant'Elpidio ITA"]
[Date "2014.11.22"]
[Round "1"]
[White "Skrijely, Edin"]
[Black "Rinaudo, Andrea"]
[WhiteElo "1673"]
[BlackElo "2058"]
[Result "0-1"]
[PlyCount "116"]
[EventDate "2014.11.22"]

1. e4 c5 2. c3 d5 3. e5 d4 4. Bc4 Nc6 5. Nf3 a6 6. a4 e6 7. O-O Nge7 8. d3 Nd5
9. Re1 Be7 10. Bxd5 Qxd5 11. Bg5 b6 12. Bxe7 Nxe7 13. c4 Qc6 14. Nbd2 O-O 15.
Ne4 Bb7 16. Nd6 Nf5 17. Nxb7 Qxb7 18. Nd2 h6 19. Ne4 Qc7 20. g4 Nh4 21. f4 f5
22. gxf5 exf5 23. Nd6 Qc6 24. Re2 Nf3+ 25. Kf1 Ra7 26. Rf2 Nh4 27. Ke2 g5 28.
Qh1 Qxh1 29. Rxh1 Re7 30. Rg1 Kh7 31. fxg5 Rxe5+ 32. Kd2 Re3 33. g6+ Kg7 34.
Rgf1 Kxg6 35. Rg1+ Kh7 36. Rgf1 Kg6 37. Rg1+ Kh5 38. Rgf1 Kg4 39. Rf4+ Kh3 40.
Nxf5 Nxf5 41. Rxf5 Rxf5 42. Rxf5 Kxh2 43. Rf6 h5 44. Rxb6 h4 45. Rxa6 h3 46.
Rg6 Rg3 47. Rc6 Kg2 48. Rxc5 h2 49. Rh5 Rh3 50. Rg5+ Kf3 51. Rf5+ Kg4 52. Rd5
h1=Q 53. Rxd4+ Kf5 54. Rd5+ Ke6 55. Kc3 Qc1+ 56. Kb3 Rh2 57. Kb4 Rxb2+ 58. Kc5
Qc3 0-1